| 000 | 01325nam1a22002291i 4500 | ||
|---|---|---|---|
| 001 | rc\259238 | ||
| 005 | 20260406200948.0 | ||
| 035 | _a(NLR Aleph) 005629902 | ||
| 090 |
_a6566253 _c6566253 |
||
| 100 | _a20030307g19909999u |0rusy50 ca | ||
| 101 | 0 | _arus | |
| 102 | _aRU | ||
| 105 | _ay ||||||||| | ||
| 200 | 1 |
_aПерспективные материалы твердотельной электроники. Твердотельные преобразователи в автоматике и робототехнике _e(МТЭ и ТП-90) _eТез. науч.-техн. конф., Минск, 23-24 окт. 1990 г. |
|
| 210 |
_aМинск _cБелНИИНТИ _d1990- |
||
| 215 | _d20 | ||
| 300 | _aВ надзаг.: Ин-т физики твердого тела и полупроводников АН БССР, Белорус. гос. ун-т им. В.И. Ленина, Белорус. НИИ НТИ и техн.-экон. исслед., Белорус. респ. правл. Всесоюз. НТО приборостроит. пром-сти им. С.И. Вавилова | ||
| 712 | 0 | 2 |
_aИнститут физики твердого тела и полупроводников _cМинск _3RU\NLR\AUTH\889960543 _9417366 |
| 801 | 0 |
_aRU _bNLR _gpsbo |
|
| 801 | 1 |
_aRU _bELAR _2rusmarc |
|
| 852 |
_aNLR _j90-3/13111 |
||
| 942 | _cBOOK | ||